[Event "WPL:Nidum-Cardigan"]
[Site "?"]
[Date "2018.11.04"]
[Round "1.17"]
[White "Watkin-Jones, Adam"]
[Black "Davies, Matthew"]
[Result "1/2-1/2"]
[WhiteElo "1786"]
[BlackElo "1944"]
[Annotator "kemen"]
[PlyCount "180"]
[EventDate "2018.11.04"]

1. c4 c5 2. Nf3 Nc6 3. d4 cxd4 4. Nxd4 Nf6 5. Nc3 g6 (5... e6) 6. e4 {main,
transposes to Sicilian Maroczy; normally Matthew responds to e4 with a French.}
(6. g3 {alternative}) 6... Bg7 7. Be3 O-O 8. Be2 d6 9. O-O Bd7 10. f3 (10. Qd2)
(10. Rc1) 10... Nxd4 11. Bxd4 a5 12. Qd2 Bc6 13. Rfd1 (13. b3 {main}) (13. Rab1
) (13. Rac1) 13... Nd7 14. Bxg7 {41 % for Wh} (14. Be3 {main, 52 % for Wh;
recommended by Cummings, to avoid the bad B vs N late middlegame/ending that
ensues}) 14... Kxg7 15. Qd4+ Kg8 16. Kh1 (16. b3 Qb6 17. Qxb6 Nxb6 18. Rac1 {
actually scores 65% for Wh over 17 games}) 16... Qb6 17. Nd5 {letting Bl
exchange his B for the N makes life difficult for Wh} (17. Qd2 $11 {feels
better, yjough 0-2}) 17... Bxd5 18. exd5 (18. Qxb6 Nxb6 19. exd5 Rfc8 20. b3 a4
$11 {though Phan Nguyen-Pham, VIE ch women, playoff, Ho Chi Minh City 2000,1-0}
) 18... Qxd4 19. Rxd4 Nc5 20. b3 $11 {[%eval 0,0] but with all pawns except 1
on the same colour as the , the N is far superior to the B} Rfc8 21. h4 (21. g3
{Komodo12}) 21... Kg7 22. g4 Rc7 23. Re1 Na6 24. Kg2 a4 25. Bd1 axb3 26. axb3
Nb4 {and Bl has gained entry squares for his Rs} 27. Rde4 Kf8 (27... Ra1) 28.
h5 b6 (28... gxh5 29. gxh5 Ra1 {leaves an h pawn as a target for later}) 29.
Kg3 (29. hxg6 hxg6 30. Rh1 $11 {Komodo12}) 29... Ra2 (29... Nd3 30. Rh1 g5 $15
{Komodo12}) 30. hxg6 hxg6 31. R4e2 (31. g5) (31. Rh1) 31... Rca7 32. Rxa2 Rxa2
33. Re2 Ra1 34. Rd2 g5 35. Kf2 (35. f4 $1 {clears a pawn away from wh , &
removes N support or opens lines for the B- Wh has to play as actively as
possible, not letting the position stay closed, which must favour the N} gxf4+
(35... f6 36. fxg5 fxg5 37. Bc2 Ra3 38. Rf2+ Kg7 39. Bd1 Nd3 40. Rf5 Kg6 41.
Bc2 Nc5 (41... Nb4 42. Be4 Na6 43. Rf3+ Kg7 44. Bf5 $11 {Komodo12}) 42. Rf2+
Kg7 43. Rf5 Kg6 $11) 36. Kxf4 Kg7 37. g5 $11 {Komodo12}) 35... Rb1 (35... Rc1)
36. Ke2 Kg7 37. Rd4 Rb2+ 38. Rd2 Rb1 39. Rd4 {Bl needed to win this game to
equalize the match; & , with increments, can just keep trying for entry in
different ways with his far more active pieces (even his K could be able to
join in)} Na6 40. Kd2 (40. Re4 Kf6 41. f4 gxf4 42. Rxf4+ Kg7 43. Bc2 {eases
the defence}) 40... Nc5 41. Kc3 Nd7 42. Kc2 Ra1 43. Kb2 Ra8 44. Re4 Ne5 45. Kc3
Rh8 (45... Kf6) 46. Kd4 Rh1 47. Be2 Kf6 (47... Ng6 $15) 48. Re3 (48. f4 Ng6 $17
) 48... Rb1 (48... Ng6) 49. Kc3 Rg1 50. Kd4 Rc1 51. Rc3 Re1 52. Re3 Ng6 53. Bd3
Rd1 54. Kc3 Nf4 55. Be4 e6 56. dxe6 fxe6 57. Kc2 Rf1 58. b4 (58. Kc3) 58... d5
59. cxd5 exd5 {[%emt 0:00:01] in effect Bl is now a pawn up as the 2 K side
pawns are held by} 60. Bf5 d4 61. Ra3 (61. Re8 {Komodo12, just leaves the weak
pawn in search of R play} Rxf3 62. Rd8 Rc3+ 63. Kd2 Ke5 64. Rb8 (64. Rg8 Kd5
65. Rxg5 Kc4 66. Rg8 Rh3 67. g5 Rh2+ 68. Kd1 Kxb4 69. Rd8 $15 {with some
holding chances}) 64... Rh3 65. Rxb6 Rh2+ 66. Kd1 Kd5 67. Rb8 Kc4 68. b5 {and
Komodo12 elects for perpetual ch here- Wh will lose the b pawn, but gain the g
pawn, & then surrender the B for Bl's last pawn}) 61... Rf2+ 62. Kd1 (62. Kc1 {
prevents Bl's next, but then the Bl K just wanders in} Ke5 63. Ra6 b5 64. Ra5
Ne2+ 65. Kd2 Nc3+ 66. Kd3 Rxf3+ 67. Kc2 Kf4 68. Bd3 Re3 69. Bxb5 Nd5 70. Kd2
Nxb4 $17 {the g pawn will be next to be lost & then its just a matter of Bl
choosing how to win a pice while preserving one pawn}) 62... Rb2 63. Ra4 (63.
Ra8) 63... Nd5 64. Ra8 Rxb4 65. Be4 Nf4 {this blocks the Bl Ks route to escape
the K side} (65... Nc3+ 66. Kc2 Nxe4 67. fxe4 Ke5 68. Re8+ Kf4 69. Kd3 Kxg4 {
and the R & P ending should be very comfortable for Bl}) (65... Ne3+ 66. Ke2
Ke5 {is another possibility}) 66. Rf8+ $11 {Komodo12} Ke7 67. Rf5 Ne6 68. f4 {
dynamic( desperation as Wh described it), but riskier than} (68. Bd5 Ng7 (68...
Nc5 69. Rxg5 {and material is level9 though here it somewhat favours the B
which can both guard its own pawns while also holdiong up a Bl pawn advance.
In addition the Bl pawns ares split, while Wh.s are connected}) (68... Rb2 69.
Bxe6 Kxe6 70. Rxg5 Kd6 71. f4 $11) 69. Re5+ (69. Rxg5 Kf6 70. f4 d3 71. Bg8
Rxf4 72. Rb5 {simplifies quickly to a drawn position}) 69... Kf6 70. Re4 {
Komodo122 looks complicated}) 68... gxf4 69. g5 Rb2 (69... Rb3 70. Bd5 Rg3 71.
Kd2 f3 72. Re5 Kd6 73. Rxe6+ Kxd5 74. Rxb6 Rg4 {looks very dangerous for Wh &
indeed Lomonosov tablebases confirm a mate in 29 for Bl} (74... Rg2+ 75. Kd3 {
only draws}) (74... Rg1 {[%emt 0:00:31] mates in}) 75. Kd3 Rf4 $19) 70. g6 Ra2
{realising that g2 is covered, so Bl has lost a move in the process} 71. Bd5 (
71. Ke1 Ra1+ $11 {Stockfish9} (71... Ra3 72. Kf2 Rg3 $19 {Komodo12} 73. Rd5 Rg5
74. Bf5 Nc7 75. Rd7+ Kf6 76. Bc2 Ne6 77. Rd6 Ke7 78. Rxb6 Nc5 79. Bb3 d3 80.
Bd1 d2 81. Bc2 Re5 82. Rb1 Kf6 83. Rd1 Rd5 84. Ke2 Rd4 85. Rxd2 $11)) 71...
Ra1+ 72. Kd2 Rg1 73. Kd3 (73. Rf7+ {both Engines} Kd6 74. Bxe6 Kxe6 75. Kd3 (
75. Rxf4 Ke5 76. Rf8 Rxg6 $19) 75... Ke5 76. Re7+ (76. Rf8 Rxg6 $19) 76... Kd5
77. Rd7+ Kc5 78. Rc7+ Kd6 79. Rf7 Ke5 80. Re7+ $11) 73... Rxg6 (73... Rg3+ 74.
Kc4 b5+ {both Engines} 75. Kb4 (75. Kxb5 Rxg6 (75... d3 76. Bxe6 d2 77. Rd5
Kxe6 78. Rxd2 Rxg6 $19) 76. Bxe6 Kxe6 77. Rxf4 Kd5 $19 {Nalimov tablebases}))
74. Bxe6 Kxe6 75. Rxf4 $11 Kd5 76. Rxd4+ Kc5 77. Rh4 Rg3+ 78. Kc2 Kb5 79. Kb2
Ka5 80. Ka2 b5 81. Kb2 Rf3 82. Rg4 Rh3 83. Rf4 Rd3 84. Rh4 Kb6 85. Rg4 (85. Rh5
) 85... Kc5 86. Rh4 Rd4 87. Rxd4 Kxd4 88. Kb3 Kc5 89. Kc3 b4+ 90. Kb3 Kb5
1/2-1/2

[Event "WPL:Nidum-Cardigan"]
[Site "?"]
[Date "2018.11.04"]
[Round "1.18"]
[White "Jones, Ian Robert"]
[Black "Haigh, Tony"]
[Result "1-0"]
[WhiteElo "1952"]
[BlackElo "1798"]
[Annotator "kemen"]
[PlyCount "111"]
[EventDate "2018.11.04"]

1. e4 Nf6 2. e5 Nd5 3. Nc3 Nxc3 4. dxc3 (4. bxc3 {almost as frequent} d5 5. d4
(5. f4 c5 6. d4 e6 7. Nf3 Be7 8. Be2 {Jansen van Rensburg-Haigh, Dyfed Open
2018,0-1}) 5... c5 6. Nf3 Nc6 7. Rb1 {Richmond-Haigh, West Wales op 2004,1-0})
4... d5 (4... d6 {main}) 5. f4 (5. Nf3) (5. Bf4) (5. c4) (5. Bd3) 5... e6 {
enclosing the B} (5... Bf5) (5... c5) 6. Nf3 Nd7 $146 (6... Be7 7. Be3 c6 (7...
c5 8. Bd3 Nc6 9. O-O O-O 10. Qe1 b6 11. Qg3 f5 12. exf6 Bxf6 13. Ne5 {Monmeneu
Chulia-Cardona Cervera, Valencia Autonomico 2004,1-0}) 8. Bd3 Nd7 9. Qd2 Nc5
10. O-O-O Nxd3+ 11. Qxd3 Bd7 12. g4 {Nehybka-Hladky,Brno 2004,1-0}) 7. Be3 b6 (
7... Be7 {safer}) 8. f5 Nc5 (8... Bc5 $14 {Komodo12}) 9. fxe6 fxe6 (9... Bxe6
10. b4 Nd7 11. Ba6 $16 {Komodo12}) 10. c4 (10. Ng5 $18 {Komodo12} Be7 (10...
Qd7 11. Qf3 g6 12. O-O-O) 11. Qh5+ g6 12. Qh6 Bf8 13. Qh3 c6 14. Nxh7 Qe7 (
14... Be7 15. Qh6 Kd7 16. Qxg6) 15. Nf6+ Qxf6 16. exf6 Rxh3 17. gxh3 $18) 10...
Bb7 11. cxd5 Qxd5 (11... Bxd5 12. Qe2 Be7 13. O-O-O O-O 14. c4 Bxf3 15. gxf3
Qe8 16. Rg1 Rd8 $14 {Komodo12}) 12. Bb5+ c6 13. Qxd5 (13. Be2) 13... exd5 14.
Be2 Ne6 (14... Be7 15. O-O O-O $14) 15. c4 {risky} (15. O-O Bc5 16. Bxc5 bxc5
$14) 15... c5 {risky} (15... Bb4+ 16. Bd2 Bxd2+ 17. Kxd2 (17. Nxd2 Nd4 $15)
17... c5 $15 {Komodo12}) 16. cxd5 Bxd5 17. Bb5+ $16 Ke7 18. O-O h6 (18... a6
19. Ba4 b5 20. Bb3 (20. Bc2 g6 21. Rad1 Rd8 22. Rfe1 Bg7 $11) 20... Bxb3 21.
axb3 Kd7 22. Nh4 Kc6 23. Rf7 Nd8 24. Rf3 Ne6 $11 {Komodo12}) 19. Nh4 $18 Be4
20. Bc6 (20. Bc4 {Komodo12 prefers the attack to winning an exchange} g5 (20...
Re8 21. Nf5+ Kd7 22. Rad1+ Kc8 23. Nd6+ Bxd6 24. exd6 Bc6 25. Rf7 Bd7 26. Bf2
$18) 21. Rf6 Nd4 22. Ng6+ Bxg6 23. Rxg6 $18 {Komodo12}) 20... Bxc6 21. Ng6+ Ke8
22. Nxh8 g5 (22... Be4 $16 23. Nf7 Bg6 24. Nd6+ Bxd6 25. exd6 Kd7 26. Rad1 Rd8
27. Bf2 $16 {Komodo12}) 23. Nf7 $18 (23. Rf6 Nd8 24. Ng6 Bg7 25. Rd6 Rc8 $16)
23... Bg7 (23... Bd5 24. Rad1 Bxa2 25. Rf6 Nc7 26. Nd6+ Ke7 27. Nf5+ Ke8 {for
some reason Komodo12 keeps on repeat checking here while insisting that Wh is
winning} 28. Nxh6 Nd5 29. Re6+ Ne7 30. Red6 Nd5 31. R6xd5 Bxd5 32. Rxd5 Bxh6
$16) 24. Rad1 (24. Nd6+ Kd8 25. Rad1 Bh8 26. Rf7 $18 {Komodo12} Bxe5 27. Nf5+
Bd4 28. Nxd4 cxd4 29. Bxd4 Ke8 30. Rf6 $18) 24... Nd8 (24... Ke7 25. Nd6 Rf8
26. Nf5+ Rxf5 (26... Ke8 27. Rd6) 27. Rxf5 $18 {Komodo12}) 25. Nd6+ Ke7 26.
Nf5+ Kf7 27. Nxh6+ {best- Komodo12 which goes for all the extra pawns & keeps
the Bl K under fire. In pm analysis Wh thought that he had missed an
opportunity here} (27. Rxd8 Rxd8 28. Nd4+ Kg6 29. Nxc6 Re8 30. Rd1 Bxe5 31.
Nxe5+ Rxe5 32. Kf2 $18 {which should be easy for humans , a piece for a pawn
up, & all the Bl pawns possible targets for the R &B- 2.61 for Wh}) 27... Kg6 (
27... Ke6 28. Bxg5 Bd5 {[%eval 371,0] for Wh}) 28. Ng4 (28. Rd6+ Kh7 (28... Kh5
$2 29. g4+ Kh4 30. Bf2+ Kh3 31. Rd3+ Bf3 32. Rxf3#) 29. Ng4 {[%eval 440,0] for
Wh, Komodo12}) 28... Nb7 {2.7} (28... Nf7 {2.3}) 29. Nf6 Rf8 (29... Rd8) 30.
Nd5 (30. Bxg5 $1 $18 {Komodo12} Kxg5 31. Nh7+ Kh6 32. Nxf8 Bxe5 33. Rfe1 Ba4 (
33... Bd4+ 34. Rxd4 cxd4 35. Re6+) 34. b3 Bd4+ 35. Rxd4 cxd4 36. bxa4) 30...
Rxf1+ (30... Re8 31. g4 Bxe5 32. Rf5 Bxb2 33. Bxg5 $18 (33. Rxg5+ Kh7 $14 {
Komodo12})) 31. Kxf1 Bb5+ 32. Kf2 (32. Kg1) 32... Bxe5 {Bl is beginning to be
able to fight back} 33. Nc3 (33. Ne7+ Kf6 34. Nc8 Ba6 35. Nxa7 Nd6 36. Nc6 Ne4+
37. Kg1 Bd6 38. a4 $18 {Komodo12}) 33... Bc6 $16 34. Nd5 Bb5 35. b3 Nd6 36. Kg1
Ne4 (36... Nf5 37. Bf2 Nd4 $16 {Komodo12}) 37. a4 Be8 38. Ne7+ Kf6 39. Nc8 Bf7
40. Rd3 Nc3 41. Nxa7 Bxb3 {the position has got quite complex , with Bl having
some Q side possibilities} 42. Nc8 (42. Bd2 Ne2+ 43. Kf2 Nd4 44. Nc6 Bxa4 45.
Bxg5+ Kxg5 46. Nxe5 Kf5 47. Nf3 Ke4 48. Re3+ Kd5 49. h4 $18 {Komodo12 after
some consideration}) 42... c4 (42... Bc4 43. Rd8 Nxa4 {Rudy- the position has
become difficult to judge- Komodo12 gets round to} 44. Rf8+ (44. h3 {its
initial idea looks very passive}) 44... Bf7 45. Bxg5+ Ke6 46. Na7 Bd6 47. Ra8
Nc3 48. Nc8 Bc7 49. Ra7 Nd5 50. Ne7 $16) 43. Rd8 Nxa4 44. Nxb6 (44. Rf8+ Kg7
45. Rf5 Bf6 46. Nxb6 Kg6 47. Rb5 Nc3 48. Rc5 Nd1 49. Nd5 Nxe3 50. Nxe3 c3 51.
Kf2 Bd4 52. Rc6+ Kf7 53. Kf3 Be5 54. g3 Ba4 55. Rc5 Ke6 56. Ke4 Bf6 57. Kd3 Be8
58. Nf5 g4 59. Nd4+ Kd6 60. Ra5 (60. Rxc3 Bg6+ 61. Ke3 Kd5 62. Ne2 Bxc3 63.
Nxc3+ Ke5 64. Ne2 $14) 60... Bxd4 61. Kxd4 c2 62. Ra1 Bg6 63. Ke3 Kd5 64. Kd2
Be4 65. Rf1 Ke5 66. Rf4 Bf5 {with Komodo12 now claiming a win, but just going
round in large circles}) 44... c3 (44... Nxb6 {Rudy, preserves Bl's B which
co-operate well} 45. Bxb6 c3 46. Rc8 Kf5 $14 47. Ba5 c2 48. Bd2 g4) 45. Nd7+
Kf5 46. Nxe5 Kxe5 47. Bxg5 $18 c2 48. Rb8 Bd5 49. Rc8 (49. h4) 49... Be4 50.
Be3 Nb2 51. Re8+ (51. Kf2 $18) (51. h4 $18) 51... Kf5 $2 (51... Kd5 52. Rc8 Nd1
53. Bc1 $18) 52. g4+ Kxg4 53. Rxe4+ Kf3 54. Bc1 {mate in 22 Lomonosov} (54. Re8
{mate in 22 Lomonosov} Nd3 55. h4 Kg4 56. Rc8 Kxh4 57. Rc3 Ne5 58. Rxc2 Kg3 59.
Rf2 {sequence given by both Lomonosov & Komodo12}) 54... Kxe4 55. Bxb2 Kf3 56.
Bc1 1-0

[Event "WPL:Cardigan-White Knights"]
[Site "?"]
[Date "2018.12.02"]
[Round "2.1"]
[White "Hewitt, William"]
[Black "Williams, A.Howard"]
[Result "0-1"]
[WhiteElo "2020"]
[BlackElo "2259"]
[Annotator "kemen"]
[PlyCount "54"]
[EventDate "2018.12.02"]

1. d4 {unusual for Wh, who is an inveterate player of} (1. e4) 1... Nf6 2. c4
e6 (2... c5 3. e3 g6 4. Nc3 Bg7 5. Nf3 O-O 6. Be2 cxd4 7. exd4 d5 8. O-O Nc6 {
Hewitt-Heap, WCPL 2016 is the only other game in the databases}) 3. Nc3 Bb4 4.
e3 O-O 5. Nge2 d5 6. a3 Be7 (6... Bxc3+ 7. Nxc3 {gives Wh no problems with the
Ns; Rees-Williams, WCU KO cup 2004,1/2-1/2}) 7. cxd5 (7. Nf4 c6 8. cxd5 cxd5 9.
Bd3 Nc6 10. O-O Bd7 11. b4 Rc8 {PC Griffiths-Williams, Birminham-Bridgend club
match 1976,1/2-1/2}) 7... exd5 8. Nf4 (8. g3 c6 9. Bg2 Bf5 10. O-O Bd6 11. Re1
Re8 12. Kh1 Ng4 13. Kg1 Nd7 {Davies-Williams, WCPL 2016,0-1}) 8... c6 9. Bd3 (
9. g3 a5 10. Bg2 Na6 11. O-O Nc7 12. Bd2 Ne6 13. Nxe6 Bxe6 14. Rc1 {
Cobb-Williams, WCPL 2008, 1/2-1/2}) 9... Bd6 (9... a5 10. O-O Na6 11. Bd2 Bd6
12. f3 Nc7 13. Rc1 Re8 14. Bb1 Ne6 {Musson-Williams, WCPL 2017,1/2-1/2}) 10.
O-O Re8 {main} (10... a5) 11. Bc2 (11. f3 {main} b6 (11... Qc7)) 11... Qc7 (
11... Nbd7 {main}) 12. h3 {Komodo121} (12. g3 Nbd7 (12... Bxf4 13. exf4 Bh3 $11
{Cloud Engines}) 13. Re1 Ne4 14. f3 Nxc3 15. bxc3 Bxf4 (15... Nf6 $11) 16. exf4
Rxe1+ 17. Qxe1 Nf6 18. g4 $16 {Costachi-Velikic, Arad op 2016,1-0}) 12... Nbd7
13. f3 Nf8 14. Qd3 (14. Nfe2 Be6 (14... Ng6 15. e4 $14) 15. e4 $14 dxe4 16.
fxe4 Rad8 $11 {Komodo12}) 14... Bxf4 15. exf4 Nh5 $15 16. f5 $2 (16. Be3 Ng3 (
16... Nxf4 17. Qd2 N8g6 18. Rae1 $11 Bd7 $15) 17. Rfe1 Bf5 18. Qd2 Bxc2 19.
Qxc2 Rad8 $15 {Komodo12}) (16. Ne2 {pm analysis} Bf5 {Komodo12} (16... g6 17.
g4 {Howard} Ng7 18. f5 {Rudy} gxf5 19. Bf4 $11 {Komodo12}) 17. Qxf5 Rxe2 18.
Bd3 g6 19. Qg4 f5 20. Qh4 Ree8 21. Bxf5 Qg7 $17 (21... Qb6 22. Rd1 Qb3 23. Rf1
Qc4 24. Rd1 Qb3 25. Rf1) 22. Rd1 gxf5 23. Qxh5 Re2 24. Qg5 Ng6 25. b3 Rae8 $17
{Komodo12}) 16... Ng3 $17 17. Rd1 (17. f4 {Komodo12} Nxf1 (17... Bxf5 18. Qxg3
Bxc2 $17) 18. Qxf1 Nd7 $17) 17... Bxf5 $19 18. Qd2 Ne6 (18... Bg6 19. f4 h5 $19
{Komodo12}) 19. Bxf5 Nxf5 20. Ne2 Re7 21. Qd3 Ng3 (21... g6) 22. Nc3 (22. Nxg3
Qxg3 23. f4 Qh4 $19) 22... Rae8 23. b4 Nf4 (23... Nxd4 {Komodo12}) 24. Bxf4
Qxf4 25. Rac1 (25. Qd2) 25... Nf5 (25... Re2 26. Rc2 Re1+ 27. Rxe1 Rxe1+ 28.
Kf2 Rf1+ (28... Rh1 29. Nxd5 Qh4 30. Ke3 Qg5+ 31. Kf2 Rf1+ 32. Qxf1 Nxf1 33.
Re2 Kf8 34. Nc7 Qg3+ 35. Kxf1 Qxc7 $19) 29. Qxf1 Nxf1 30. Kxf1 Qxd4 $19 {
Komodo12}) 26. b5 (26. Qd2 Re3 27. Re1 Rxe1+ 28. Rxe1 Rxe1+ 29. Qxe1 Qxd4+ 30.
Kh2 Kf8 $19 {Komodo12}) 26... Nxd4 27. bxc6 bxc6 0-1

[Event "WPL:Cardigan-White Knights"]
[Site "?"]
[Date "2018.12.02"]
[Round "2.2"]
[White "Jones, Iolo C"]
[Black "Pleasants, Allan J"]
[Result "1/2-1/2"]
[WhiteElo "2203"]
[BlackElo "2077"]
[Annotator "kemen"]
[PlyCount "50"]
[EventDate "2018.12.02"]

1. d4 g6 2. e4 Bg7 3. Nf3 d6 4. Nc3 Nf6 (4... a6 5. a4 Nc6 6. Be3 Bg4 7. Be2 e5
8. d5 Nce7 9. Ng5 Bd7 10. Bg4 h6 11. Bxd7+ Qxd7 12. Nh3 f5 13. f3 Nf6 14. Nf2
O-O $11 {Jones-R Van Kemenade, Dyfed League 2014,1-0}) 5. h3 O-O 6. Be3 Nc6 (
6... Nbd7 7. e5 dxe5 8. dxe5 Ne8 9. e6 fxe6 10. Ng5 Bxc3+ 11. bxc3 Ng7 12. Bc4
Nf6 (12... Nb6 $11) 13. Qe2 Qd6 14. Bd4 Bd7 15. O-O $16 {Jones-Weston, Dyfed
League 2015,1-0}) (6... c6 {main}) 7. Be2 (7. Qd2 {main}) 7... a6 (7... e5 {
main}) 8. a4 e5 9. dxe5 dxe5 10. Bc5 $11 {21% for Wh} (10. O-O $11 {main, but
43 % for Wh}) (10. Qxd8 Rxd8 11. Bc4 $11 {41% for Wh} (11. Bg5 {2-0, but} Be6
$15)) 10... Re8 {considered at least equal for Bl by Davies 2016:151} 11. O-O
b6 12. Be3 (12. Qxd8 Rxd8 13. Be3 Bb7 14. Bd3 Nb4 15. Nxe5 (15. Rfd1 $11) 15...
Nxd3 16. cxd3 Nxe4 17. dxe4 Bxe5 $15 {Ucucu-Ozen, Kahramanmaras op 2018,0-1})
12... Bb7 (12... Qxd1 13. Rfxd1 Nb4 14. Rac1 Bb7 15. Nd2 Rad8 16. f3 Nh5 17.
Bc4 Nf4 18. g3 Ne6 19. Na2 Nxa2 20. Bxa2 Bc6 $11 {Smirnov-Gabriellan, RUS ch
tm 2015,0-1}) 13. Bg5 (13. Bc4 $11 {Deep Fritz13, Fritz13 & Komodo12}) 13...
Nd4 $15 14. Bd3 Qd6 15. Re1 h6 16. Be3 c5 (16... Qb4 {Deep Fritz13}) (16...
Rad8 {Fritz13 & Komodo12}) 17. Nd2 Rad8 (17... Qc7 $15 {Deep Fritz13 & Fritz13}
) (17... Bc6 {Komodo12}) 18. Qc1 Kh7 (18... Qe7 $15 {Komodo12}) (18... Qd7 $15
{Fritz13}) 19. Bc4 (19. Nc4) 19... Re7 {Komodo12} (19... Qd7 {Fritzs}) 20. f3
Red7 21. Nf1 Nh5 22. Bd5 (22. Nd5 {Engines}) 22... Nf6 (22... Bxd5) (22... Nf4)
23. Bxb7 Rxb7 24. Bf2 h5 $11 (24... Nh5 $11) 25. Be3 Qe6 {(draw?)} (25... Qe6
26. Bg5 {pm analysis} Rbd7 (26... Re8 27. Ne3 Rd7 28. Ncd5 $14) 27. Ne3 (27.
Bxf6 {Rudy} Bxf6 28. Nd5 Bh4) 27... b5 28. axb5 axb5 29. Ncd5 $14 {Komodo12})
1/2-1/2

[Event "WPL:Cardigan-White Knights"]
[Site "?"]
[Date "2018.12.02"]
[Round "2.3"]
[White "Young, Alan"]
[Black "Heap, Gerry"]
[Result "1/2-1/2"]
[WhiteElo "2046"]
[BlackElo "2105"]
[Annotator "kemen"]
[PlyCount "63"]
[EventDate "2018.12.02"]

1. e4 c5 2. c3 g6 3. Nf3 (3. d4 {Young in earlier games ,2.5-1.5, Fowler-Heap
Dyfed Open 2018,0-1}) 3... Bg7 4. Bc4 (4. d4 {main} cxd4 5. cxd4 d5 6. e5 Nc6
7. Bb5 a6 8. Be2 h5 {Martin Jones-Heap, Dyfed League 2018,0-1}) 4... d6 (4...
e6 {main}) 5. d4 cxd4 6. cxd4 Nf6 7. Nc3 O-O 8. Bb3 Nc6 (8... Bg4 {more
frequent}) 9. h3 Na5 (9... a6 10. O-O {50 %}) 10. Bc2 {4 Wh wins, 2 draws, 1
loss} b6 11. O-O Bb7 12. Re1 (12. Qe2 {Cloud Engines} Rc8 (12... d5 13. e5 Ne8
14. Ng5 Qc8 15. Bd3 Nc7 16. Be3 $16 {Godena-Habibi, Lugano New Open 2008,1-0})
13. Rd1 a6 14. Bg5 h6 15. Bf4 b5 16. Bd3 Qd7 17. Rac1 $14 {Shabanov-Kolybin,
RUS ch sf Tula 1998,1/2-1/2}) 12... Rc8 13. Qe2 Qd7 (13... a6) 14. Bg5 (14. Bd3
$16) 14... Nc4 15. Bd3 Na5 (15... b5 $5 16. Nxb5 Qxb5 17. b3 d5 18. exd5 Bxd5
19. Ne5 $18 {Komodo12}) 16. Rad1 h6 17. Bd2 Nc6 18. Bb5 d5 19. Ne5 (19. e5 Ne8
20. e6 Qxe6 21. Qxe6 fxe6 22. Rxe6 Nxd4 23. Nxd4 Bxd4 24. Rxg6+ Kf7 25. Rxh6
$16 {Komodo12}) 19... Qe6 20. Nxc6 Bxc6 21. Bxc6 Qxc6 22. exd5 (22. e5 Ne4 (
22... Ne8 23. Nb5 Qb7 24. Rc1 Rxc1 25. Rxc1 a6 26. Nc3 Nc7 $14) 23. Nxe4 dxe4
24. Bb4 Rfe8 25. d5 Qa4 26. Qxe4 Qxa2 27. Bc3 $16 {Komodo12}) 22... Nxd5 23.
Nxd5 Qxd5 24. Qxe7 $14 Qxa2 (24... Qxd4 25. Bxh6 (25. Qxa7 Qxb2 26. Be3 Ra8 27.
Qc7 Rxa2 28. Bxb6 $11 {Komodo12}) 25... Qxb2 26. Bxg7 Kxg7 27. Qxa7 Rc2 28. Rb1
Re8 (28... Qxa2 29. Qxb6 Qd5 30. Rbd1 Rd2 31. Rxd2 Qxd2 32. Re7 $14) 29. Rf1
Qxa2 30. Qxb6 Qe6 31. Qxe6 Rxe6 $14 {Komodo12, drawn with all pawns on same
side of the board}) 25. Bc3 (25. d5 Qxd5 26. Bxh6 Qc5 27. Bxg7 Qxe7 28. Rxe7
Kxg7 29. Rxa7 Rc2 $11 {Komodo12}) 25... a5 (25... Rcd8 $14) 26. d5 $16 Bxc3 27.
bxc3 Qc4 28. d6 Qc6 (28... Qxc3 29. d7 Rcd8 30. Re3 Qc7 31. Red3 b5 32. Qe3 Kh7
33. h4 h5 34. Rd5 $16 {Komodo12, but looks risky allowing the Q side pawns to
advance} Qc4 35. Rc5 Qxh4 36. Rxb5 a4 37. Ra5 Qb4 38. Ra6 Qc4 39. Rad6 Qb3 40.
R6d3 Qc4 41. Qe5 a3 42. Qa1 (42. Rxa3 Rxd7 $11) 42... a2 43. R3d2 f6 44. Qxa2
Qxa2 45. Rxa2 Rf7 46. Ra7 Re7 47. Rd6 Kg7 $14 {Komodo12, but the Bl blockade
seems to hold}) 29. d7 Rcd8 30. Re3 a4 31. c4 (31. Rg3 Qe6 (31... Qc5 32. Rd6
Qf5 33. Rf6 Qc2 34. Kh2 $18 Rxd7 35. Rgxg6+ Qxg6 36. Rxg6+ fxg6 37. Qxd7 Rxf2
38. Qd8+ Kg7 39. Qxb6 $18) 32. Qxe6 fxe6 33. Rxg6+ Kf7 34. Rxh6 Ke7 35. Re1
Kxd7 36. Rexe6 Rb8 37. Rxb6 (37. Rd6+ Ke7 38. Rhe6+ Kf7 39. Re4 b5 40. Rd7+ Kg6
{the Engine is just going round the houses here, though with due care taken
over holding the Bl Q side pawns Wh may well be winning with the 3 connected
passed K side pawns}) 37... Rxb6 38. Rxb6 Ra8 39. Rb2 a3 40. Ra2 Ke6 $11 {
Komodo12}) 31... Kh7 (31... Qxc4 32. Qd6 b5 33. Rde1 Kg7 34. Re8 Rfxe8 35.
dxe8=N+ $1 $18 {Komodo12} (35. dxe8=Q Rxd6 $19) (35. Rxe8 Rxd7 36. Qxd7 Qc1+
37. Kh2 Qf4+ $11)) 32. Rd4 {(draw?) wins the match} (32. Qb4 {initially given
as winning by Komodo12, but which then starts repeating moves} Ra8 33. Rf3 Qc5
34. Qc3 Qc7 35. h4 $16) 1/2-1/2